000 00269nam a2200109Ia 4500
008 220216s9999 xx 000 0 und d
245 0 _aHankook looks to keep momentum going
260 _bThe Rubber International
_c2013
300 _a63
650 _aRubber
942 _cJS
999 _c60218
_d60218